00353nam a22000977a 4500008004100000020001500041082001600056245016400072300001300236440000600249230629b xxu||||| |||| 00| 0 eng d a0621365289 a338.9bTHO  aForeign Direct Investment in South Africa: The Initial Impact of the Trade, Development and Co-operation Agreement between South Africa and the European Union aV,47,D9p n1